000
00299nam a22001217a 4500
008
180212b xxu||||| |||| 00| 0 eng d
041
_a
eng
080
_a
159.9
100
_a
49
101
_a
PSI
245
_a
Meta-analysis cumulating research findings across studies
_c
Hunter,J.E
942
_2
udc
_c
BK
999
_c
42294
_d
42294